| 000 | 00832 a2200241 4500 | ||
|---|---|---|---|
| 999 |
_c200128620 _d32369 |
||
| 001 | 200128620 | ||
| 003 | TR-AnTOB | ||
| 005 | 20240918172851.0 | ||
| 008 | 130213s tu 000 0 | ||
| 020 | _a9755127607 | ||
| 040 |
_aTR-AnTOB _cTR-AnTOB _beng _erda |
||
| 041 | _atur | ||
| 050 |
_aDS51.K3 _bK33 2003 |
||
| 090 | _aDS51.K3.K33 2003 | ||
| 245 | 1 | 0 |
_aCumhuriyet’in 80. yılında Kahramanmaraş’ın ekonomisi ve sosyal altyapısı / _cKahramanmaraş Ticaret ve Sanayi Odası. |
| 264 | 1 |
_aKahramanmaraş: _bKahramanmaraş Ticaret ve Sanayi Odası, _c2003 |
|
| 300 |
_a404 s. : _bgrf., res. ; _c23 sm. |
||
| 651 | 0 | 0 |
_aKahramanmaraş İli (Türkiye) _xEkonomik durum _967204 |
| 651 | 0 | 0 |
_aKahramanmaraş İli (Türkiye) _xSosyal durum _967203 |
| 710 | 1 |
_aKahramanmaraş Ticaret ve Sanayi Odası _986886 |
|
| 942 |
_cBK _2lcc |
||